000 00484nam a2200181 a 4500
001 7037
003 CO-ViMGA
008 141112s2004 ck r 000 u spa d
040 _aCO-ViMGA
_bspa
_cCO-ViMGA
082 0 4 _a342.06 R627a
100 1 _aRodríguez Moreno, Rafael
_96096
245 1 0 _aDerecho administrativo disciplinario
250 _a2a
260 _aSantafé de Bogotá :
_bJurídica Radar,
_c1996
300 _a459 p
650 1 4 _aDERECHO ADMINISTRATIVO
942 _2ddc
_cBK
999 _c19002
_d19002